000 00723nam a22002177a 4500
005 20130812120742.0
010 _aENG-108160
020 _a9781107601710
_c495.00
035 _aEN-91693
037 _bDBAD/PUB
082 _a520
100 _aBely, Pierre-Yves
245 1 0 _aA question and answer guide to Astronomy /
_cby Pierre-Yves Bely, Carol Christian [and] Jean-Rene Roy
260 _aNew Delhi
_bCambridge University Press
_c2011
270 _a4381/4, Ansari Road, Daryaganj
_bNew Delhi
_e110002
300 _axiii,280p. :
_c24cm(pbk)
_bill.
500 _aIncludes bibliographical references and index
700 _aChristian, Carol
700 _aRoy, Jean-Rene
942 _2ddc
_cEN
_mBEL
_h520
999 _c78122
_d78122